British Wood Preserving and Damp Proofing Association (Record no. 119814)

MARC details
000 -LEADER
fixed length control field 01002cam a2200241 4500
001 - CONTROL NUMBER
control field WS114077
008 - FIXED-LENGTH DATA ELEMENTS--GENERAL INFORMATION
fixed length control field 010813n 000 0 eng u
035 ## - SYSTEM CONTROL NUMBER
System control number (Sirsi) u114077
110 ## - MAIN ENTRY--CORPORATE NAME
Corporate name or jurisdiction name as entry element British Wood Preserving and Damp Proofing Association
245 ## - TITLE STATEMENT
Title British Wood Preserving and Damp Proofing Association
520 ## - SUMMARY, ETC.
Summary, etc. Web site for this organisation for companies involved in wood treatment and damp control. Includes lists of manufacturers and suppliers, news pages and a list of members. The organisation also supports two divisions; the Property Care Association and the Wood Protection Association.
650 ## - SUBJECT ADDED ENTRY--TOPICAL TERM
Topical term or geographic name entry element ORGANISATION
650 ## - SUBJECT ADDED ENTRY--TOPICAL TERM
Topical term or geographic name entry element WOOD TREATMENT
650 ## - SUBJECT ADDED ENTRY--TOPICAL TERM
Topical term or geographic name entry element DAMP PROOFING
650 ## - SUBJECT ADDED ENTRY--TOPICAL TERM
Topical term or geographic name entry element TIMBER
650 ## - SUBJECT ADDED ENTRY--TOPICAL TERM
Topical term or geographic name entry element WOOD PRESERVATIVES
650 ## - SUBJECT ADDED ENTRY--TOPICAL TERM
Topical term or geographic name entry element MANUFACTURERS
650 ## - SUBJECT ADDED ENTRY--TOPICAL TERM
Topical term or geographic name entry element SUPPLIERS
650 ## - SUBJECT ADDED ENTRY--TOPICAL TERM
Topical term or geographic name entry element FLAME RETARDANTS
690 ## - LOCAL SUBJECT ADDED ENTRY--TOPICAL TERM (OCLC, RLIN)
Topical term or geographic name as entry element BUILT ENVIRONMENT-BUILDING PATHOLOGY
856 40 - ELECTRONIC LOCATION AND ACCESS
Uniform Resource Identifier <a href="https://www.bwpda.co.uk">https://www.bwpda.co.uk</a>
Public note View the website free of charge at www.bwpda.co.uk...
942 ## - ADDED ENTRY ELEMENTS (KOHA)
Suppress in OPAC 0
Holdings
Withdrawn status Lost status Source of classification or shelving scheme Damaged status Not for loan Home library Current library Shelving location Date acquired Total Checkouts Full call number Barcode Date last seen Copy number Price effective from Koha item type
    Dewey Decimal Classification     Virtual Virtual Online 13/08/2001   WEB SITE 114077-2001 06/08/2019 1 06/08/2019 Online material